01138cam a2200277 c 4500001000900000003000900009005001700018008004100035020001800076040002800094041000800122082001800130100002300148240006100171245020600232260004300438300002900481490004100510504004800551650004800599700002700647700003300674942001200707999001700719952012400736a5031917CO-ViMGA20230915233145.0110413s2011 sp a | |||| 001 0 spa  a9788498354195 aCO-ViMGAbspacCO-ViMGA1 heng04a618.19 bF48d1 aFischer, Uwe9573410aDirect diagnosis in radiology: breast imaginglEspañol10aDiagnostico por la imagen "de la mama"h[Texto impreso]cUwe Fischer, Friedemann Baum, Susanne Luftner-Nagel ; [traduccin̤ ... efectuada por los doctores Sabrina Ais, Federico Carini y Patricia Yebra] aMadridbMedica PanamericanacD.L. 2011 aVIII, 246 p.bil.c19 cm0 aDirecto al diagnostico en radiologia aIncluye referencias bibliograficas e indice17aMamasxDiagns̤tico por imagen2embne957351 aBaum, Friedemann957361 aLuftner-Nagel, Susanne95737 2ddccBK c36045d36045 00102ddc40708002aMEVIECARbMEVIECARd2016-09-07l0o618.19 F48dp30656r2016-09-07 00:00:00tEj. 1w2016-09-07yBK